The noble scholar, jurist, historian


 His Excellency Dr. Abdul Wahhab bin Ibrahim Abu Sulaiman, may Allah have mercy on him.


 He was born in Umm Al-Qura in the year 1356 AH.

الفلك الدائر على المثل السائر / (Record no. 3686)

MARC details
000 -LEADER
fixed length control field 01564cam a22003251i 4500
003 - CONTROL NUMBER IDENTIFIER
control field SA-RiAUC
005 - DATE AND TIME OF LATEST TRANSACTION
control field 20241220154233.0
008 - FIXED-LENGTH DATA ELEMENTS--GENERAL INFORMATION
fixed length control field 241218s1984 su g b 00100 ara c
040 ## - CATALOGING SOURCE
Original cataloging agency SA-RiAUC
Language of cataloging ara
Transcribing agency SA-RiAUC
Description conventions rda
050 #4 - LIBRARY OF CONGRESS CALL NUMBER
Item number I26 1984
082 04 - DEWEY DECIMAL CLASSIFICATION NUMBER
Classification number 414
Assigning agency SA-RiAUC
090 ## - LOCALLY ASSIGNED LC-TYPE CALL NUMBER (OCLC); LOCAL CALL NUMBER (RLIN)
Classification number (OCLC) (R) ; Classification number, CALL (RLIN) (NR) 414
Local cutter number (OCLC) ; Book number/undivided call number, CALL (RLIN) ا ب ن أ
100 1# - MAIN ENTRY--PERSONAL NAME
Personal name ابن أبي الحديد، عبد الحميد بن هبة الله بن محمد،
Dates associated with a name 586-656 هجري
Relator term مؤلف.
245 12 - TITLE STATEMENT
Title الفلك الدائر على المثل السائر /
Statement of responsibility, etc. أبو حامد عز الدين عبد الحميد بن هبة الله بن محمد بن أبي الحديد ؛ قدم له وحققه وعلق عليه أحمد الحوفي، بدوي طبانة.
250 ## - EDITION STATEMENT
Edition statement الطبعة الثانية.
264 #1 - PRODUCTION, PUBLICATION, DISTRIBUTION, MANUFACTURE, AND COPYRIGHT NOTICE
Place of production, publication, distribution, manufacture الرياض :
Name of producer, publisher, distributor, manufacturer دار الرفاعي للنشر والتوزيع،
Date of production, publication, distribution, manufacture, or copyright notice 1984
300 ## - PHYSICAL DESCRIPTION
Extent 1 مجلد (544 صفحة) ؛
Dimensions 24 سم.
336 ## - CONTENT TYPE
Content type term نص
Content type code txt
Source rdacontent
Materials specified كتاب
337 ## - MEDIA TYPE
Media type term بدون وسيط
Media type code n
Source rdamedia
338 ## - CARRIER TYPE
Carrier type term مجلد
Carrier type code nc
Source rdacarrier
490 0# - SERIES STATEMENT
Series statement أمهات الكتب ؛
Volume/sequential designation 1
500 ## - GENERAL NOTE
General note المكتبة يتوافر بها : مجلد 3.
500 ## - GENERAL NOTE
General note كشافات : صفحة 267-323.
504 ## - BIBLIOGRAPHY, ETC. NOTE
Bibliography, etc. note يشتمل على ببليوجرافية.
650 #7 - SUBJECT ADDED ENTRY--TOPICAL TERM
Topical term or geographic name entry element النثر العربي
Chronological subdivision العصر العباسي الثاني
Source of heading or term aucsh
700 1# - ADDED ENTRY--PERSONAL NAME
Personal name الحوفي، أحمد محمد،
Dates associated with a name 1910-1983
Relator term مقدم.
700 1# - ADDED ENTRY--PERSONAL NAME
Personal name طبانة، بدوي أحمد،
Dates associated with a name 1914-2000
Relator term مقدم.
942 ## - ADDED ENTRY ELEMENTS (KOHA)
Source of classification or shelving scheme Dewey Decimal Classification
Koha item type Books
Suppress in OPAC No
949 ## - LOCAL PROCESSING INFORMATION (OCLC)
a SA-JeALM
d 241218
u mohamedma123
n 1
Holdings
Withdrawn status Lost status Source of classification or shelving scheme Damaged status Not for loan Home library Current library Date acquired Total checkouts Full call number Barcode Date last seen Price effective from Koha item type
    Dewey Decimal Classification     DR AbdElwahab Library DR AbdElwahab Library 12/20/2024   414 ا ب ن أ 000005817 12/20/2024 12/20/2024 Books